<?xml version="1.0" encoding="UTF-8"?>
<marc:record xmlns:marc="http://www.loc.gov/MARC21/slim">
   <marc:leader>00000nam a2200000 a 4500</marc:leader>
   <marc:datafield ind1="1" ind2=" " tag="100">
      <marc:subfield code="a">Rosenlöcher, Thomasj</marc:subfield>
      <marc:subfield code="4">aut</marc:subfield>
      <marc:subfield code="e">Verfasser/-in</marc:subfield>
   </marc:datafield>
   <marc:datafield ind1="0" ind2="0" tag="245">
      <marc:subfield code="a">Das Gänseblümchen, die Katze &amp; der Zaun</marc:subfield>
   </marc:datafield>
   <marc:datafield ind1="0" ind2="0" tag="245">
      <marc:subfield code="c">Rosenlöcher, Thomasj</marc:subfield>
   </marc:datafield>
   <marc:datafield ind1=" " ind2="1" tag="264">
      <marc:subfield code="a">Innsbruck ; Wien</marc:subfield>
      <marc:subfield code="b">Tyrolia</marc:subfield>
      <marc:subfield code="c">2015</marc:subfield>
   </marc:datafield>
   <marc:datafield ind1="1" ind2=" " tag="520">
      <marc:subfield code="a">Es war einmal ein Morgen, in den die halbe Welt hineinpasste ... "Schön" ist er, der Garten von Lena und Manfred. Gepflegt, umsorgt, behütet und gejätet. Frei von jeglichem Unkraut und sonstigem unerwünschten Gewächs. Doch dann, mitten am Weg, wächst ein kleines Etwas. Zu seinem Glück wird es zuerst von der Katze entdeckt, denn eigentlich darf es da gar nicht sein, dieses Etwas. Und als es sein erstes Blatt entfaltet, gelöffelt, geborstet und gezähnt, erkennt auch der nebenstehende Zaun, dass es sich dabei um ein Gänseblümchen handelt. Es ist nicht unbedingt eine Freundschaft, die sich zwischen den Dreien entwickelt, aber doch eine Beziehung, gekennzeichnet von tiefsinnigen, philosophischen Gesprächen über Leben und Tod und über den Sinn des Lebens. Dem jungen Gänseblümchen ist nämlich nicht entgangen, dass es weit und breit das einzige seiner Art ist. Das bleibt auch nicht lange so, denn trotz Katze und Zaun wird der Störenfried, der da mitten am Weg steht, bald entdeckt ... Eine feinfühlig-poetische Geschichte über Achtsamkeit und Respekt, über Vorurteil und Intoleranz, über die Verschiedenheit von Weltanschauungen, über die Relativität von ästhetisch-moralischen Grundbegriffen sowie über den tröstlichen Ausblick, dass irgendwann vielleicht einmal ein Morgen kommt, in den die ganze Welt hineinpasst. (Verlagstext)</marc:subfield>
   </marc:datafield>
   <marc:datafield ind1=" " ind2=" " tag="020">
      <marc:subfield code="a">9783702234379</marc:subfield>
      <marc:subfield code="9">9783702234379</marc:subfield>
   </marc:datafield>
   <marc:datafield ind1=" " ind2=" " tag="020">
      <marc:subfield code="a">3702234373</marc:subfield>
      <marc:subfield code="9">3702234373</marc:subfield>
   </marc:datafield>
   <marc:datafield ind1=" " ind2=" " tag="041">
      <marc:subfield code="a">ger</marc:subfield>
   </marc:datafield>
   <marc:datafield ind1=" " ind2=" " tag="338">
      <marc:subfield code="a">Band</marc:subfield>
   </marc:datafield>
   <marc:datafield ind1=" " ind2=" " tag="300">
      <marc:subfield code="a">[34] S. : überw. Ill</marc:subfield>
   </marc:datafield>
</marc:record>
